Intervista col vampiro : romanzo /

Salvato in:
Dettagli Bibliografici
Autore principale: Rice, Anne
Natura: Libro
Lingua:inglese
Pubblicazione: Firenze Salani 1993
Edizione:1. rist
Tags: Aggiungi Tag
Nessun Tag, puoi essere il primo ad aggiungerne!!

MARC

LEADER 00000nam a2200000 4500
001 CDOM0000000732
003 mi
005 20250828210613.0
008 250828b |||||||| |||| 00| 0 eng d
020 |a 88-778-2324-0 
040 |c mi 
100 |a Rice, Anne 
245 1 |a Intervista col vampiro :  |b romanzo /  |c Anne Rice.  |g [trad. di Margherita Bignardi] 
250 |a 1. rist 
260 |a Firenze  |b Salani  |c 1993 
300 |a 361 p.  |c 21 cm. 
942 |2 ddc  |c BK 
952 |0 0  |1 0  |2 ddc  |4 0  |6 B_LNR02RICANINT11  |7 0  |9 5033  |a MI  |b MI  |d 2005-01-01  |i 4833  |l 0  |o B-LNR02-RICAN-INT11  |p CDOM4833  |r 2025-07-07 11:14:00  |w 2025-07-07  |x DONO  |y BK 
999 |c 3946  |d 3946